LEADER 01469nam 2200373Ia 450 001 996391862303316 005 20221107142907.0 035 $a(CKB)1000000000673952 035 $a(EEBO)2240862454 035 $a(OCoLC)767615124 035 $a(EXLCZ)991000000000673952 100 $a20111206d1652 uy 0 101 0 $aeng 135 $aurbn||||a|bb| 200 10$aBellum grammaticale$b[electronic resource] $eAd exemplar Mri. Alexandri Humii, in gratiam eorum, qui amoeniores Musas venerantur, editum 210 $aEdinburgi, $cExcudebant haeredes Georgii Andersoni$danno Dom. 1652 215 $a[6], 74 p 300 $aAttributed by STC and Wing to Andrea Guarna. 300 $aA dramatized version of: Guarna, Andrea. Bellum grammaticale nominis & verbi regum, de principalitate orationis inter se contendentium; sometimes attributed to Leonard Hutton. Cf. STC. 300 $aCopy stained and closely cropped at head and foot. 300 $aReproduction of the original in the British Library. 330 $aeebo-0046 606 $aLatin language$xGrammar$vEarly works to 1800 606 $aLatin language$xGrammar$vHumor$vEarly works to 1800 615 0$aLatin language$xGrammar 615 0$aLatin language$xGrammar 700 $aGuarna$b Andrea$0479360 701 $aHutten$b Leonard$01004771 801 0$bUMI 801 1$bUMI 906 $aBOOK 912 $a996391862303316 996 $aBellum grammaticale$92405509 997 $aUNISA LEADER 04247nam 2200661Ia 450 001 9910967251703321 005 20251116150308.0 010 $a0-8213-6020-5 010 $a1-280-11555-6 010 $a9786610115556 024 7 $a10.1596/0-8213-6019-1 035 $a(CKB)1000000000025666 035 $a(OCoLC)559806797 035 $a(CaPaEBR)ebrary10077323 035 $a(SSID)ssj0000401104 035 $a(PQKBManifestationID)11270334 035 $a(PQKBTitleCode)TC0000401104 035 $a(PQKBWorkID)10422199 035 $a(PQKB)11277978 035 $a(MiAaPQ)EBC3050774 035 $a(The World Bank)2005277775 035 $a(US-djbf)14006044 035 $a(BIP)13801711 035 $a(BIP)11435457 035 $a(EXLCZ)991000000000025666 100 $a19960710d2005 uf 0 101 0 $aeng 135 $aurcn||||||||| 181 $ctxt$2rdacontent 182 $cc$2rdamedia 183 $acr$2rdacarrier 200 10$aAnnual World Bank Conference on Development Economics 2005, Europe $eare we on track to achieve the millennium development goals? /$fedited by Francois Bourguignon, Boris Pleskovic and Andre Sapir 205 $a1st ed. 210 $aWashington, D.C. $cThe World Bank$dc2005 215 $aviii, 266 pages $cillustrations ;$d26 cm 225 1 $aAnnual World Bank Conference on development economics--Europe ;$v2005 300 $aBibliographic Level Mode of Issuance: Monograph 311 08$a0-8213-6019-1 320 $aIncludes bibliographical references. 327 $aIntro -- Contents -- ACKNOWLEDGMENTS -- INTRODUCTION AND SUMMARY -- OPENING ADDRESSES -- Jean-François Rischard -- Guy Verhofstadt -- Marc Verwilghen -- OPENING SPEECH -- Global Distribution and Redistribution: A Preliminary View -- KEYNOTE ADDRESS -- A Development Round of Trade Negotiations? -- Trade Flows -- "Socially Responsible" Trade Integration: A Political Economy Perspective -- COMMENTS -- José Olivio Oliveira -- Raquel Fernández -- Chien Yen Goh -- Human Capital Flows -- International Migration to the High-Income Countries: Some Consequences for Economic Development in the Sending Countries -- COMMENTS -- Riccardo Faini -- Louka T. Katseli -- Aderanti Adepoju -- Capital Flows -- The Globalization Process: Auto-Component Supply Chains in China and India -- COMMENTS -- Gur Ofer -- Aid Flows -- The Millennium Development Goals and the Monterrey Consensus: From Vision to Action -- COMMENTS -- Romilly Greenhill -- Husnia Al-Kadri -- CLOSING ADDRESSES -- Hilde F. Johnson -- Guy Verhofstadt -- Romano Prodi -- James D. Wolfensohn. 330 $aThe Annual World Bank Conference on Development Economics (ABCDE) brings together the world's finest development thinkers to present their perspectives and ideas. In recent years, a parallel, second conference has been held in Europe with the same goal of expanding the flow of ideas between thinkers, practitioners, and policymakers in the field of international development. Annual World Bank Conference on Development Economics Europe 2005 presents selected papers from the sixth annual ABCDE - Europe meetings, held May 2004 in Brussels, Belgium. This volume contains articles on trade flows, human capital flows, capital flows and aid flows. It provides a general overview of the links between poverty and migration and insight and opinions on key development issues. The ABCDE Europe 2005 is a critical reference guide for development research and will be of interest to practitioners and those studying international development and poverty reduction. 410 0$aWorld Bank e-Library. 606 $aDevelopment economics$vPeriodicals 607 $aEurope$xEconomic conditions$vPeriodicals 607 $aEurope$xEconomic policy$vPeriodicals 615 0$aDevelopment economics 676 $a338.94 701 $aBourguignon$b Franc?ois$0374856 701 $aPleskovic$b Boris$0126701 701 $aSapir$b Andre?$0375105 712 12$aWorld Bank Conference on Development Economics--Europe 801 0$bMiAaPQ 801 1$bMiAaPQ 801 2$bMiAaPQ 906 $aBOOK 912 $a9910967251703321 996 $aAnnual World Bank Conference on Development Economics 2005, Europe$94475085 997 $aUNINA